Materials handbook : an encyclopedia for managers, technical professionals, purchasing and production managers, technicians, supervisors, and foremen /

Guardado en:
Autor Principal: Brady, George Stuart.
Otros Autores: Clauser, Henry R.
Formato: Libro
Idioma:English
Publicado: New York : McGraw-Hill, c1977.
Edición:11th ed.
Materias:
Etiquetas: Agregar Etiqueta
Sin Etiquetas, Sea el primero en etiquetar este registro!
LEADER 00928nam a22002415a 4500
001 EIQ.libpla001738
008 061214s1977####nyu######def##001#0#eng#d
005 20061218154714.0
245 1 0 |a Materials handbook :  |b an encyclopedia for managers, technical professionals, purchasing and production managers, technicians, supervisors, and foremen /  |c [by] George S. Brady, Henry R. Clauser. 
250 |a 11th ed. 
260 |a New York :  |b McGraw-Hill,  |c c1977. 
300 |a xi,1011p. ;  |c 24 cm. 
500 |a Incluye índice. 
020 |a 0070070695 
100 1 |a Brady, George Stuart. 
700 1 |a Clauser, Henry R. 
650 4 |a Materiales  |x Dictionarios. 
650 4 |a Materiales  |x Enciclopedias. 
650 4 |a Materiales  |x Handbooks, manuales, etc. 
650 4 |a Materials  |x Dictionaries. 
650 4 |a Materials  |x Encyclopedias. 
650 4 |a Materials  |x Handbooks, manuales, etc. 
859 |a AR-BbSID  |b BIB. PLAPIQUI  |h 620.112  |i B 72  |k R  |p 1300